| 000 | 00981 a2200205 4500 | ||
|---|---|---|---|
| 003 | Nust | ||
| 005 | 20221220132322.0 | ||
| 010 | _a 79042811 | ||
| 020 | _a0906048257 : | ||
| 040 | _cNust | ||
| 082 | 0 | 0 | _a621.38411,HAL |
| 100 | 1 |
_aHall, M. P. M. _9105371 |
|
| 245 | 1 | 0 |
_aEffects of the troposphere on radio communication / _cM. P. M. Hall. |
| 260 |
_aStevenage [Eng.] ; _aNew York : _bP. Peregrinus on behalf of the Institution of Electrical Engineers, _cc1979. |
||
| 300 |
_axvi, 206 p., [2] leaves of plates : _bill. (some col.) ; _c23 cm. |
||
| 440 | 0 |
_aIEE electromagnetic waves series ; _v8 _956000 |
|
| 505 | _aIntroduction (Page-1), Atmospheric Refractive Index (Page-14), Precipitation, Cloud and Atmospheric Gases (Page-47), Terrestrial Line of Sight Paths (Page-78), Earth to Space Paths (Page-114), Transhorizon Paths (Page-134), Area Coverage (Page-148), Radio Interference (Page-173). | ||
| 650 | 0 |
_aTropospheric radio wave propagation. _9105372 |
|
| 942 |
_2ddc _cBK |
||
| 999 |
_c183233 _d183233 |
||